000 00787nam a2200229 a 4500
001 000021709
005 20200930011423.0
008 100910s2005 dr c 000 0 spa d
020 _a9993475092
040 _aDO-SdBNP
_bspa
_cBNPHU
082 _a972.9356
_bR696j
100 1 _aRodríguez, Bernardo,
_d1952-
_910964
245 1 0 _aJánico :
_bcrónicas de un pueblo chiquito /
_cBernardo Rodríguez.
260 _aSanto Domingo :
_bCEDIBIL,
_c2005.
300 _a175 p. :
_bretrs.
500 _aIncluye datos biográficos del autor en las solapas
500 _aIncluye notas al pie de páginas
504 _aBibliografías : p. 173-175
650 4 _aJanico (república dominicana)
_xHistoria local
_945147
650 4 _aCiudades y pueblos
_zRepública Dominicana
_9784
049 _aBNPD
999 _c21208
_d21208